header

Task analysis (Record no. 47578)

MARC details
000 -LEADER
fixed length control field 01258nam a2200349Ia 4500
082 04 - DEWEY DECIMAL CLASSIFICATION NUMBER
Classification number 620.8/2
245 00 - TITLE STATEMENT
Title Task analysis
260 ## - PUBLICATION, DISTRIBUTION, ETC. (IMPRINT)
Place of publication New York :
Name of publisher Taylor & Francis,
Year of publication 2000.
300 ## - PHYSICAL DESCRIPTION
Number of Pages v, 242 p.
650 #0 - SUBJECT ADDED ENTRY--TOPICAL TERM
Topical Term Human engineering.
Topical Term Task analysis.
Topical Term Cognitive science.
700 1# - ADDED ENTRY--PERSONAL NAME
Personal name Annett, John.
Personal name Stanton, Neville,
856 40 - ELECTRONIC LOCATION AND ACCESS
Uniform Resource Identifier http://site.ebrary.com/lib/rucke/Doc?id=10062976

No items available.

© 2026 Rongo University
Contact us: librarian | system librarian | Rongo university